[Event "Oberwart op"]
[Site "Oberwart"]
[Date "2001.??.??"]
[Round "4"]
[White "Stanec, Nikolaus"]
[Black "Moser, Eva"]
[Result "1/2-1/2"]
[WhiteElo "2513"]
[BlackElo "2309"]
[PlyCount "56"]
[EventDate "2001.??.??"]
[EventType "swiss"]
[EventRounds "9"]
[EventCountry "AUT"]
[SourceTitle "EXT 2002"]
[Source "ChessBase"]
[SourceDate "2001.11.25"]
[SourceVersion "1"]
[SourceVersionDate "2001.11.25"]
[SourceQuality "1"]

1. e4 c5 2. Nf3 Nc6 3. Bb5 g6 4. O-O Bg7 5. Qe1 Nf6 6. e5 Nd5 7. Nc3 Nc7 8.
Bxc6 dxc6 9. h3 c4 10. b3 cxb3 11. axb3 c5 12. Ne4 b6 13. Nf6+ Kf8 14. Ne4 h6
15. d3 Kg8 16. Ng3 Bb7 17. Bb2 Ne6 18. h4 Kh7 19. Nh2 Rf8 20. Ne4 a6 21. Nf3
Qd7 22. Nfd2 Rad8 23. Nc4 Qc7 24. Bc3 Rd5 25. Ne3 Rxe5 26. Bxe5 Bxe5 27. Rb1 f5
28. Nd2 Qc6 1/2-1/2

[Event "Oberwart op"]
[Site "Oberwart"]
[Date "2001.??.??"]
[Round "3"]
[White "Moser, Eva"]
[Black "Karall, Lorenz"]
[Result "1-0"]
[WhiteElo "2309"]
[BlackElo "2097"]
[PlyCount "49"]
[EventDate "2001.??.??"]
[EventType "swiss"]
[EventRounds "9"]
[EventCountry "AUT"]
[SourceTitle "EXT 2002"]
[Source "ChessBase"]
[SourceDate "2001.11.25"]
[SourceVersion "1"]
[SourceVersionDate "2001.11.25"]
[SourceQuality "1"]

1. e4 g6 2. d4 Bg7 3. Nc3 d6 4. Be3 Nf6 5. Qd2 c6 6. Bh6 O-O 7. h4 Qa5 8. h5
Bxh6 9. Qxh6 Ng4 10. Qd2 Be6 11. Nf3 h6 12. d5 cxd5 13. exd5 Bc8 14. hxg6 fxg6
15. Rxh6 Bf5 16. Rh4 Qb6 17. Qd4 Qxd4 18. Nxd4 Ne5 19. Nxf5 Rxf5 20. f4 Nf7 21.
Bd3 Rh5 22. Rxh5 gxh5 23. Bf5 Nh6 24. Bc8 Nc6 25. Be6+ 1-0

[Event "Graz op"]
[Site "Graz"]
[Date "2001.??.??"]
[Round "3"]
[White "Eingorn, Vereslav S"]
[Black "Moser, Eva"]
[Result "1-0"]
[WhiteElo "2598"]
[BlackElo "2369"]
[PlyCount "75"]
[EventDate "2001.09.??"]
[EventType "swiss"]
[EventRounds "9"]
[EventCountry "AUT"]
[SourceTitle "EXT 2002"]
[Source "ChessBase"]
[SourceDate "2001.11.25"]
[SourceVersion "1"]
[SourceVersionDate "2001.11.25"]
[SourceQuality "1"]

1. d4 Nf6 2. c4 g6 3. g3 Bg7 4. Bg2 O-O 5. Nc3 Nc6 6. Nf3 d5 7. cxd5 Nxd5 8.
O-O Nb6 9. e3 e5 10. d5 Na5 11. e4 c6 12. d6 Bd7 13. b3 c5 14. Be3 Rc8 15. Rc1
f5 16. Nd5 Nc6 17. Bxc5 Nxd5 18. exd5 Nd4 19. Nxd4 exd4 20. Qd2 Bb5 21. Rfe1 b6
22. Bxd4 Rxc1 23. Rxc1 Bxd4 24. Qxd4 Qxd6 25. Re1 Re8 26. Rxe8+ Bxe8 27. h4 Bf7
28. f4 Qc5 29. Qxc5 bxc5 30. d6 Kf8 31. Kf2 c4 32. bxc4 Bxc4 33. a3 Kf7 34. Ke3
Ke6 35. Kd4 Ba6 36. Kc5 Kd7 37. Bc6+ Kd8 38. Kd5 1-0

[Event "Graz op"]
[Site "Graz"]
[Date "2001.??.??"]
[Round "2"]
[White "Moser, Eva"]
[Black "Fruehauf, Norbert"]
[Result "1-0"]
[WhiteElo "2369"]
[BlackElo "2095"]
[PlyCount "83"]
[EventDate "2001.09.??"]
[EventType "swiss"]
[EventRounds "9"]
[EventCountry "AUT"]
[SourceTitle "EXT 2002"]
[Source "ChessBase"]
[SourceDate "2001.11.25"]
[SourceVersion "1"]
[SourceVersionDate "2001.11.25"]
[SourceQuality "1"]

1. e4 e5 2. f4 d5 3. exd5 e4 4. d3 Nf6 5. dxe4 Nxe4 6. Nf3 Bc5 7. Qe2 Qe7 8.
Be3 Bxe3 9. Qxe3 Bf5 10. Nd4 Qb4+ 11. Nd2 Qxd2+ 12. Qxd2 Nxd2 13. Kxd2 Bd7 14.
Re1+ Kd8 15. Bd3 Na6 16. Bxa6 bxa6 17. Re3 Rb8 18. b3 Re8 19. Rxe8+ Kxe8 20.
Re1+ Kd8 21. Re3 Rb6 22. Rg3 g6 23. Rd3 Ke7 24. Re3+ Kd6 25. c4 c5 26. dxc6
Bxc6 27. Nxc6 Rxc6 28. Re5 f6 29. Rd5+ Kc7 30. f5 gxf5 31. Rxf5 Re6 32. Rh5 Re7
33. Rh6 Rf7 34. g4 a5 35. Kc3 Kb7 36. Kd4 Kc7 37. h3 a6 38. Rh5 Kb6 39. Rf5 h6
40. Rh5 Rd7+ 41. Kc3 Rh7 42. Rf5 1-0

[Event "Graz op"]
[Site "Graz"]
[Date "2001.??.??"]
[Round "1"]
[White "Bozinovic, Boban"]
[Black "Moser, Eva"]
[Result "1/2-1/2"]
[WhiteElo "2099"]
[BlackElo "2369"]
[PlyCount "27"]
[EventDate "2001.09.??"]
[EventType "swiss"]
[EventRounds "9"]
[EventCountry "AUT"]
[SourceTitle "EXT 2002"]
[Source "ChessBase"]
[SourceDate "2001.11.25"]
[SourceVersion "1"]
[SourceVersionDate "2001.11.25"]
[SourceQuality "1"]

1. e4 c5 2. Nf3 Nc6 3. d4 cxd4 4. Nxd4 Nf6 5. Nc3 e5 6. Ndb5 d6 7. Bg5 a6 8.
Bxf6 gxf6 9. Na3 b5 10. Nd5 f5 11. Bd3 Be6 12. c4 bxc4 13. Nxc4 Nd4 14. Ncb6
1/2-1/2

[Event "Porzellan Cup"]
[Site "Dresden"]
[Date "2001.??.??"]
[Round "1"]
[White "Moser, Eva"]
[Black "Paehtz, Elisabeth"]
[Result "1-0"]
[WhiteElo "2309"]
[BlackElo "2358"]
[PlyCount "67"]
[EventDate "2001.01.??"]
[EventType "k.o. (rapid)"]
[EventRounds "3"]
[EventCountry "GER"]
[SourceTitle "CBM 080 Extra"]
[Source "ChessBase"]
[SourceDate "2001.03.08"]
[SourceVersion "1"]
[SourceVersionDate "2001.03.08"]
[SourceQuality "1"]

1. e3 g6 2. f4 Bg7 3. Nf3 d6 4. d4 c5 5. c3 b6 6. e4 Bb7 7. Bd3 Nd7 8. O-O a6
9. Re1 Qc7 10. a4 e6 11. Be3 Ngf6 12. Bf2 O-O 13. Nbd2 Nb8 14. Qc1 Nc6 15. e5
Ne8 16. exd6 Qxd6 17. Ne4 Qd7 18. Bc4 cxd4 19. Neg5 dxc3 20. bxc3 Na5 21. Ba2
Qc7 22. Ne5 Bd5 23. Qe3 Bxa2 24. Rxa2 h6 25. Nxg6 hxg5 26. Nxf8 gxf4 27. Qe4
Rd8 28. Nxe6 fxe6 29. Qxe6+ Qf7 30. Qxb6 Nb7 31. Rae2 Ned6 32. Re7 Qg6 33. Rxb7
Nxb7 34. Qxg6 1-0

[Event "Porzellan Cup"]
[Site "Dresden"]
[Date "2001.??.??"]
[Round "1"]
[White "Paehtz, Elisabeth"]
[Black "Moser, Eva"]
[Result "1-0"]
[WhiteElo "2358"]
[BlackElo "2309"]
[PlyCount "37"]
[EventDate "2001.01.??"]
[EventType "k.o. (rapid)"]
[EventRounds "3"]
[EventCountry "GER"]
[SourceTitle "CBM 080 Extra"]
[Source "ChessBase"]
[SourceDate "2001.03.08"]
[SourceVersion "1"]
[SourceVersionDate "2001.03.08"]
[SourceQuality "1"]

1. e4 c5 2. Nf3 Nc6 3. d4 cxd4 4. Nxd4 Nf6 5. Nc3 g6 6. Nxc6 bxc6 7. e5 Ng8 8.
Bc4 Bg7 9. Bf4 f5 10. Qe2 e6 11. O-O-O Qc7 12. h4 Rb8 13. a3 Ne7 14. h5 g5 15.
h6 Bf6 16. Bh2 Qb6 17. Bb3 Nd5 18. Nxd5 cxd5 19. exf6 1-0

[Event "Porzellan Cup playoff 5'"]
[Site "Dresden"]
[Date "2001.??.??"]
[Round "?"]
[White "Paehtz, Elisabeth"]
[Black "Moser, Eva"]
[Result "1-0"]
[WhiteElo "2358"]
[BlackElo "2309"]
[PlyCount "75"]
[EventDate "2001.01.??"]
[EventType "match (blitz)"]
[EventRounds "3"]
[EventCountry "GER"]
[SourceTitle "CBM 080 Extra"]
[Source "ChessBase"]
[SourceDate "2001.03.08"]
[SourceVersion "1"]
[SourceVersionDate "2001.03.08"]
[SourceQuality "1"]

1. e4 b6 2. d4 Bb7 3. Bd3 Nf6 4. Nd2 e6 5. Ngf3 c5 6. dxc5 bxc5 7. e5 Nd5 8.
Ne4 f5 9. exf6 Nxf6 10. Neg5 Be7 11. Qe2 Nc6 12. c3 O-O 13. h4 Qc7 14. Bd2 Bd6
15. O-O-O Ne5 16. Nxe5 Bxe5 17. Rhe1 Bf4 18. g3 Bxd2+ 19. Rxd2 Rab8 20. Bc4 Bd5
21. Red1 Qb7 22. Bxd5 exd5 23. Qd3 Rfe8 24. g4 Re7 25. Rc2 Rc8 26. Nh3 Re5 27.
g5 Ne4 28. Nf4 Qc7 29. Nxd5 Qa5 30. a3 d6 31. Kb1 Rb8 32. Ka2 Qa4 33. c4 Ree8
34. f3 Ng3 35. b3 Qc6 36. f4 Nh5 37. Re2 Rbd8 38. Ne7+ 1-0

[Event "AUT-chT 0001"]
[Site "Austria"]
[Date "2000.11.19"]
[Round "5.6"]
[White "Hamberger, Hermann"]
[Black "Moser, Eva"]
[Result "1/2-1/2"]
[WhiteElo "2159"]
[BlackElo "2272"]
[PlyCount "50"]
[EventDate "2000.10.??"]
[EventType "team-tourn"]
[EventRounds "11"]
[EventCountry "AUT"]
[SourceTitle "CBM 081 Extra"]
[Source "ChessBase"]
[SourceDate "2001.05.06"]
[SourceVersion "1"]
[SourceVersionDate "2001.05.06"]
[SourceQuality "1"]

1. e4 c5 2. Nf3 Nc6 3. d4 cxd4 4. Nxd4 Nf6 5. Nc3 g6 6. Bc4 Bg7 7. Nxc6 bxc6 8.
e5 Ng8 9. Qf3 f5 10. Qe2 e6 11. O-O Nh6 12. Kh1 O-O 13. f4 Rb8 14. b3 d5 15.
Bd3 Rf7 16. Na4 Bf8 17. Be3 Qa5 18. Bd2 Qc7 19. c4 Ba6 20. Rac1 Qd7 21. cxd5
Bxd3 22. Qxd3 cxd5 23. Qa6 Ba3 24. Rc6 Re7 25. Bc1 Bb4 1/2-1/2

[Event "AUT-chT 0001"]
[Site "Austria"]
[Date "2000.11.17"]
[Round "3.12"]
[White "Wiedner, Robert"]
[Black "Moser, Eva"]
[Result "1/2-1/2"]
[WhiteElo "2225"]
[BlackElo "2272"]
[PlyCount "58"]
[EventDate "2000.10.??"]
[EventType "team-tourn"]
[EventRounds "11"]
[EventCountry "AUT"]
[SourceTitle "CBM 081 Extra"]
[Source "ChessBase"]
[SourceDate "2001.05.06"]
[SourceVersion "1"]
[SourceVersionDate "2001.05.06"]
[SourceQuality "1"]

1. c4 f5 2. g3 Nf6 3. Bg2 d6 4. Nc3 e5 5. d4 Be7 6. dxe5 dxe5 7. Qxd8+ Bxd8 8.
e4 c6 9. Nge2 O-O 10. O-O Na6 11. b3 Nb4 12. Bg5 fxe4 13. Bxf6 gxf6 14. Nxe4
Bg4 15. f3 Bh5 16. h4 f5 17. Nd6 Nc2 18. Rac1 Ne3 19. Rfe1 f4 20. Nxb7 Be7 21.
c5 fxg3 22. Nxg3 Nxg2 23. Rxe5 Bxf3 24. Rxe7 Nxh4 25. Nd6 Bd5 26. Nge4 Rf4 27.
Rf1 Nf3+ 28. Kg2 Raf8 29. Rf2 Ne1+ 1/2-1/2

[Event "Olympiad Women-34"]
[Site "Istanbul"]
[Date "2000.11.09"]
[Round "12.1"]
[White "Reizniece Ozola, Dana"]
[Black "Moser, Eva"]
[Result "1-0"]
[WhiteElo "2275"]
[BlackElo "2332"]
[PlyCount "78"]
[EventDate "2000.10.28"]
[EventType "team-swiss"]
[EventRounds "14"]
[EventCountry "TUR"]
[SourceTitle "EXT 2001"]
[Source "ChessBase"]
[SourceDate "2000.11.22"]
[SourceVersion "1"]
[SourceVersionDate "2000.11.22"]
[SourceQuality "1"]
[WhiteTeam "Latvia (W)"]
[BlackTeam "Austria (W)"]
[WhiteTeamCountry "LAT"]
[BlackTeamCountry "AUT"]

1. g3 f5 2. Bg2 Nf6 3. c4 d6 4. Nc3 e5 5. d3 g6 6. e3 Bg7 7. Nge2 O-O 8. O-O c6
9. f4 Re8 10. Qd2 Nbd7 11. b3 exf4 12. gxf4 Qe7 13. Rf3 Nf8 14. Bb2 Be6 15. Re1
d5 16. Nd4 Bf7 17. cxd5 Nxd5 18. Nxd5 Bxd5 19. Rg3 Qd7 20. Bh3 Be6 21. Bc3 Rad8
22. Rd1 Re7 23. Kf2 Qd5 24. Bg2 Qd6 25. h4 Red7 26. b4 c5 27. bxc5 Qxc5 28. Bb4
Qc8 29. Rc1 Rc7 30. Rxc7 Qxc7 31. Nxe6 Nxe6 32. h5 g5 33. fxg5 f4 34. exf4 Nxf4
35. Rf3 Nxh5 36. Qe1 Be5 37. Qe4 Nf4 38. Bd2 Qb6+ 39. Kf1 Qb1+ 1-0

[Event "Olympiad Women-34"]
[Site "Istanbul"]
[Date "2000.11.08"]
[Round "11.1"]
[White "Kachiani Gersinska, Ketino"]
[Black "Moser, Eva"]
[Result "1-0"]
[WhiteElo "2448"]
[BlackElo "2332"]
[PlyCount "43"]
[EventDate "2000.10.28"]
[EventType "team-swiss"]
[EventRounds "14"]
[EventCountry "TUR"]
[SourceTitle "EXT 2001"]
[Source "ChessBase"]
[SourceDate "2000.11.22"]
[SourceVersion "1"]
[SourceVersionDate "2000.11.22"]
[SourceQuality "1"]
[WhiteTeam "Germany (W)"]
[BlackTeam "Austria (W)"]
[WhiteTeamCountry "GER"]
[BlackTeamCountry "AUT"]

1. d4 e6 2. c4 f5 3. g3 Nf6 4. Bg2 Be7 5. Nf3 d6 6. O-O O-O 7. Nc3 Qe8 8. b3 a5
9. Bb2 Na6 10. Re1 Qh5 11. e4 Nxe4 12. Nxe4 fxe4 13. Rxe4 Bd7 14. Re3 c6 15.
Qd2 b6 16. d5 e5 17. Nxe5 dxe5 18. Rxe5 Qf7 19. dxc6 Bb4 20. Qe3 Be6 21. Rxe6
Bc5 22. Bd4 1-0

[Event "Olympiad Women-34"]
[Site "Istanbul"]
[Date "2000.11.07"]
[Round "10.1"]
[White "Moser, Eva"]
[Black "Voiska, Margarita"]
[Result "1-0"]
[WhiteElo "2332"]
[BlackElo "2330"]
[PlyCount "89"]
[EventDate "2000.10.28"]
[EventType "team-swiss"]
[EventRounds "14"]
[EventCountry "TUR"]
[SourceTitle "EXT 2001"]
[Source "ChessBase"]
[SourceDate "2000.11.22"]
[SourceVersion "1"]
[SourceVersionDate "2000.11.22"]
[SourceQuality "1"]
[WhiteTeam "Austria (W)"]
[BlackTeam "Bulgaria (W)"]
[WhiteTeamCountry "AUT"]
[BlackTeamCountry "BUL"]

1. c4 e5 2. Nc3 Nc6 3. g3 f5 4. d3 Nf6 5. Bg2 Bb4 6. e3 Bxc3+ 7. bxc3 d6 8. Nh3
O-O 9. O-O Qe8 10. d4 Kh8 11. c5 d5 12. c4 e4 13. cxd5 Nxd5 14. f3 exf3 15.
Qxf3 Be6 16. Bd2 Rd8 17. Rf2 Nf6 18. Qf4 Ng4 19. Rff1 Nce5 20. Rfd1 Nd3 21.
Qxc7 Bc8 22. Nf4 Rd7 23. Qb8 Nxc5 24. h3 Na6 25. Qxa7 Nxe3 26. Re1 Re7 27. d5
b5 28. Qxe3 Rxe3 29. Rxe3 Qd8 30. Rae1 Kg8 31. Bc3 Qb6 32. Kh2 Nc7 33. Bb4 g5
34. Nd3 f4 35. gxf4 gxf4 36. Rf3 Re8 37. Rxe8+ Nxe8 38. Rxf4 Nf6 39. d6 Qe3 40.
Rxf6 Be6 41. Rf3 Qd4 42. Bc5 Qc3 43. a3 h5 44. Bb4 Qc2 45. Nc5 1-0

[Event "Olympiad Women-34"]
[Site "Istanbul"]
[Date "2000.11.06"]
[Round "9.1"]
[White "Hoang, Thanh Trang"]
[Black "Moser, Eva"]
[Result "1/2-1/2"]
[WhiteElo "2489"]
[BlackElo "2332"]
[PlyCount "152"]
[EventDate "2000.10.28"]
[EventType "team-swiss"]
[EventRounds "14"]
[EventCountry "TUR"]
[SourceTitle "EXT 2001"]
[Source "ChessBase"]
[SourceDate "2000.11.22"]
[SourceVersion "1"]
[SourceVersionDate "2000.11.22"]
[SourceQuality "1"]
[WhiteTeam "Vietnam (W)"]
[BlackTeam "Austria (W)"]
[WhiteTeamCountry "VIE"]
[BlackTeamCountry "AUT"]

1. d4 e6 2. c4 f5 3. g3 Nf6 4. Bg2 Be7 5. Nc3 O-O 6. Nh3 d6 7. O-O e5 8. dxe5
dxe5 9. Qxd8 Bxd8 10. b3 c6 11. Ba3 Re8 12. Rfd1 Na6 13. Bd6 Bc7 14. Bxc7 Nxc7
15. Rd6 Kf8 16. Rad1 Ke7 17. e4 fxe4 18. Ng5 Bg4 19. R1d2 e3 20. fxe3 Ne6 21.
Nge4 Red8 22. b4 Nxe4 23. Nxe4 Rxd6 24. Nxd6 Rd8 25. Ne4 Rxd2 26. Nxd2 c5 27.
a3 b6 28. b5 Ng5 29. Kf2 Nf7 30. Bd5 Nd6 31. e4 Bd1 32. Ke3 Bg4 33. Kd3 Bh3 34.
a4 Bg2 35. a5 Bh3 36. a6 Nc8 37. Nf3 Kf6 38. Ke3 Bg4 39. Ne1 Ke7 40. Nd3 Kd6
41. Nb2 Ne7 42. Na4 Kc7 43. Nc3 Kd6 44. Kf2 Bh3 45. Nd1 Bg4 46. Ne3 Bd7 47. Kf3
Bc8 48. Bf7 Bd7 49. g4 Bc8 50. Kg3 Bd7 51. Kh4 Bc8 52. Kg5 Bd7 53. h4 Bc8 54.
Nf5+ Bxf5 55. gxf5 h6+ 56. Kh5 Kd7 57. f6 gxf6 58. Kxh6 f5 59. exf5 Nxf5+ 60.
Kg5 Nxh4 61. Kxh4 e4 62. Bh5 Kd6 63. Be2 Ke5 64. Kg4 e3 65. Kg5 Ke6 66. Kg6 Ke7
67. Kg7 Ke8 68. Kf6 Kd8 69. Ke6 Kc8 70. Kd6 Kd8 71. Kc6 Kc8 72. Bg4+ Kb8 73.
Be2 Kc8 74. Bg4+ Kb8 75. Kd7 e2 76. Bxe2 Ka8 1/2-1/2

[Event "Olympiad Women-34"]
[Site "Istanbul"]
[Date "2000.11.05"]
[Round "8.1"]
[White "Moser, Eva"]
[Black "Madl, Ildiko"]
[Result "1/2-1/2"]
[WhiteElo "2332"]
[BlackElo "2418"]
[PlyCount "63"]
[EventDate "2000.10.28"]
[EventType "team-swiss"]
[EventRounds "14"]
[EventCountry "TUR"]
[SourceTitle "EXT 2001"]
[Source "ChessBase"]
[SourceDate "2000.11.22"]
[SourceVersion "1"]
[SourceVersionDate "2000.11.22"]
[SourceQuality "1"]
[WhiteTeam "Austria (W)"]
[BlackTeam "Hungary (W)"]
[WhiteTeamCountry "AUT"]
[BlackTeamCountry "HUN"]

1. g3 d5 2. Bg2 c6 3. Nf3 Bg4 4. d3 Nf6 5. Nbd2 Nbd7 6. h3 Bxf3 7. Nxf3 e5 8.
O-O Bc5 9. Nh4 O-O 10. e4 Re8 11. Qe2 Qb6 12. c3 a5 13. Bg5 h6 14. Bc1 Bf8 15.
Nf5 dxe4 16. dxe4 Nc5 17. Rd1 Red8 18. Be3 Rxd1+ 19. Rxd1 Rd8 20. Rxd8 Qxd8 21.
f3 Kh7 22. Bf1 b5 23. Qd2 Qc7 24. Nxg7 Ncxe4 25. Bd3 Bxg7 26. Bxe4+ Nxe4 27.
fxe4 Qc8 28. Kg2 Qe6 29. b3 a4 30. Qf2 axb3 31. axb3 Kg8 32. Qf5 1/2-1/2

[Event "Olympiad Women-34"]
[Site "Istanbul"]
[Date "2000.11.04"]
[Round "7.1"]
[White "Moser, Eva"]
[Black "Medic, Mirjana"]
[Result "1/2-1/2"]
[WhiteElo "2332"]
[BlackElo "2294"]
[PlyCount "85"]
[EventDate "2000.10.28"]
[EventType "team-swiss"]
[EventRounds "14"]
[EventCountry "TUR"]
[SourceTitle "EXT 2001"]
[Source "ChessBase"]
[SourceDate "2000.11.22"]
[SourceVersion "1"]
[SourceVersionDate "2000.11.22"]
[SourceQuality "1"]
[WhiteTeam "Austria (W)"]
[BlackTeam "Croatia (W)"]
[WhiteTeamCountry "AUT"]
[BlackTeamCountry "CRO"]

1. e4 e6 2. d4 d5 3. Nc3 Bb4 4. a3 Bxc3+ 5. bxc3 dxe4 6. f3 Bd7 7. Nh3 Bc6 8.
fxe4 Bxe4 9. Ng5 Bg6 10. Bd3 Nf6 11. O-O Qd5 12. Rb1 Nbd7 13. Qe1 c5 14. Be2
cxd4 15. Bf3 Qc4 16. cxd4 O-O 17. Rxb7 Nb6 18. c3 Nbd5 19. Bd2 Qa6 20. Rb3 Bd3
21. Rf2 Rab8 22. Bxd5 exd5 23. Rxb8 Rxb8 24. Qe7 Qb7 25. Qxb7 Rxb7 26. Rf3 Bc4
27. Re3 h6 28. Nf3 Ne4 29. Be1 Rb1 30. Ne5 f5 31. Nxc4 dxc4 32. g4 g6 33. gxf5
gxf5 34. Kg2 Kf7 35. Kf3 Ra1 36. Kf4 Ke6 37. d5+ Kxd5 38. Kxf5 Nd6+ 39. Kf6
Rxa3 40. Re5+ Kc6 41. Re6 Kd5 42. Re5+ Kc6 43. Re6 1/2-1/2

[Event "Olympiad Women-34"]
[Site "Istanbul"]
[Date "2000.10.30"]
[Round "3.1"]
[White "Eidelson, Rakhil"]
[Black "Moser, Eva"]
[Result "0-1"]
[WhiteElo "2360"]
[BlackElo "2332"]
[PlyCount "80"]
[EventDate "2000.10.28"]
[EventType "team-swiss"]
[EventRounds "14"]
[EventCountry "TUR"]
[SourceTitle "EXT 2001"]
[Source "ChessBase"]
[SourceDate "2000.11.22"]
[SourceVersion "1"]
[SourceVersionDate "2000.11.22"]
[SourceQuality "1"]
[WhiteTeam "Belarus (W)"]
[BlackTeam "Austria (W)"]
[WhiteTeamCountry "BLR"]
[BlackTeamCountry "AUT"]

1. d4 e6 2. Nf3 f5 3. g3 Nf6 4. Bg2 Be7 5. O-O O-O 6. c4 d6 7. Nc3 Qe8 8. Re1
Qg6 9. Qc2 Ne4 10. Nd2 Nxc3 11. Qxc3 Bf6 12. Qd3 e5 13. d5 Na6 14. Nb3 Bd7 15.
Bd2 Rae8 16. c5 dxc5 17. Qc2 b6 18. a4 Nb8 19. a5 Be7 20. axb6 axb6 21. Nc1 Bd6
22. f4 e4 23. Be3 h5 24. Kf2 h4 25. Nb3 Qg4 26. Rg1 Bb5 27. Bf1 Na6 28. Rg2 Nb4
29. Qd2 h3 30. Rg1 Bc4 31. Nc1 Ra8 32. Rxa8 Rxa8 33. b3 Bxd5 34. Ke1 Be7 35.
Qd1 Ra1 36. Bd2 Na2 37. Qc2 c4 38. bxc4 Nxc1 39. Bxc1 Ba3 40. Kf2 Rxc1 0-1

[Event "Olympiad Women-34"]
[Site "Istanbul"]
[Date "2000.10.29"]
[Round "2.1"]
[White "Danielian, Elina"]
[Black "Moser, Eva"]
[Result "0-1"]
[WhiteElo "2389"]
[BlackElo "2332"]
[PlyCount "100"]
[EventDate "2000.10.28"]
[EventType "team-swiss"]
[EventRounds "14"]
[EventCountry "TUR"]
[SourceTitle "EXT 2001"]
[Source "ChessBase"]
[SourceDate "2000.11.22"]
[SourceVersion "1"]
[SourceVersionDate "2000.11.22"]
[SourceQuality "1"]
[WhiteTeam "Armenia (W)"]
[BlackTeam "Austria (W)"]
[WhiteTeamCountry "ARM"]
[BlackTeamCountry "AUT"]

1. d4 e6 2. Nf3 f5 3. g3 Nf6 4. Bg2 Be7 5. O-O O-O 6. c4 d6 7. Nc3 Qe8 8. Qc2
Qh5 9. b3 a5 10. Bb2 Na6 11. a3 Rb8 12. Rac1 c6 13. e4 e5 14. dxe5 dxe5 15.
Nxe5 Nc5 16. b4 axb4 17. axb4 Ncxe4 18. f3 Ng5 19. Nd3 Bd6 20. Ne2 Ne6 21. Rcd1
f4 22. g4 Qg5 23. Bc3 h5 24. h3 Bc7 25. Nf2 hxg4 26. hxg4 b5 27. Bxf6 Qxf6 28.
Ne4 Qe7 29. c5 Be5 30. Rfe1 Nc7 31. N2c3 Be6 32. Nd6 Bf6 33. Nce4 Bh4 34. Re2
Ra8 35. Nc3 Bg3 36. Qg6 Ra3 37. Nce4 Qh4 38. Nxg3 fxg3 39. Qh5 Qxh5 40. gxh5
Bd5 41. Re7 Ne6 42. Re1 Nf4 43. Ne8 Rf7 44. Rxf7 Bxf7 45. h6 Ra2 46. Bf1 g2 47.
Bxg2 Rxg2+ 48. Kh1 Re2 49. Rxe2 Nxe2 50. Nxg7 Nd4 0-1

[Event "Feffernitz Raika op 09th"]
[Site "Feffernitz"]
[Date "2000.08.27"]
[Round "9"]
[White "Moser, Eva"]
[Black "Horvath, Tamas"]
[Result "1/2-1/2"]
[WhiteElo "2332"]
[BlackElo "2375"]
[PlyCount "80"]
[EventDate "2000.08.??"]
[EventType "swiss"]
[EventRounds "9"]
[EventCountry "AUT"]
[SourceTitle "EXT 2001"]
[Source "ChessBase"]
[SourceDate "2000.11.22"]
[SourceVersion "1"]
[SourceVersionDate "2000.11.22"]
[SourceQuality "1"]

1. g3 e5 2. Bg2 d5 3. d3 Nc6 4. Nf3 g6 5. O-O Bg7 6. Nbd2 Nge7 7. e4 O-O 8. Re1
h6 9. c3 Be6 10. exd5 Bxd5 11. b4 a6 12. Bb2 Re8 13. a3 Nf5 14. Qc2 Rb8 15.
Rad1 Qd7 16. Ne4 b6 17. Qa4 Qc8 18. Nfd2 Nce7 19. Qc2 Bb7 20. Nc4 Qd7 21. Ra1
Ba8 22. a4 Qc8 23. a5 b5 24. Ncd2 Nd6 25. Nc5 Bxg2 26. Kxg2 Ra8 27. Nf3 Nd5 28.
h3 Nb7 29. Nxb7 Qxb7 30. Qe2 e4 31. dxe4 Nxc3 32. Qc2 Nxe4 33. Bxg7 Kxg7 34.
Rac1 Ng5 35. Qc3+ Kg8 36. Rxe8+ Rxe8 37. Qc6 Qxc6 38. Rxc6 Re4 39. Nxg5 hxg5
40. Rxc7 Rxb4 1/2-1/2

[Event "Feffernitz Raika op 09th"]
[Site "Feffernitz"]
[Date "2000.08.26"]
[Round "8"]
[White "Moser, Eva"]
[Black "Bruns, Michael"]
[Result "1-0"]
[WhiteElo "2332"]
[BlackElo "2099"]
[PlyCount "55"]
[EventDate "2000.08.??"]
[EventType "swiss"]
[EventRounds "9"]
[EventCountry "AUT"]
[SourceTitle "EXT 2001"]
[Source "ChessBase"]
[SourceDate "2000.11.22"]
[SourceVersion "1"]
[SourceVersionDate "2000.11.22"]
[SourceQuality "1"]

1. g3 g6 2. Bg2 Bg7 3. e4 c5 4. d3 Nc6 5. f4 d6 6. Nf3 Nf6 7. O-O O-O 8. Nc3
Rb8 9. h3 b5 10. g4 b4 11. Ne2 a5 12. f5 Nd7 13. g5 a4 14. Rb1 Ba6 15. b3 a3
16. Nf4 Nd4 17. Nh2 gxf5 18. Nh5 fxe4 19. Bxe4 f5 20. gxf6 Nxf6 21. Nxg7 Kxg7
22. Ng4 Nxg4 23. Qxg4+ Kh8 24. Bg5 Rxf1+ 25. Rxf1 Qg8 26. Bxe7 Qxg4+ 27. hxg4
h6 28. Bxd6 1-0

[Event "Feffernitz Raika op 09th"]
[Site "Feffernitz"]
[Date "2000.08.26"]
[Round "7"]
[White "Horvath, Peter"]
[Black "Moser, Eva"]
[Result "1-0"]
[WhiteElo "2434"]
[BlackElo "2332"]
[PlyCount "64"]
[EventDate "2000.08.??"]
[EventType "swiss"]
[EventRounds "9"]
[EventCountry "AUT"]
[SourceTitle "EXT 2001"]
[Source "ChessBase"]
[SourceDate "2000.11.22"]
[SourceVersion "1"]
[SourceVersionDate "2000.11.22"]
[SourceQuality "1"]

1. d4 e6 2. c4 f5 3. g3 Nf6 4. Bg2 Be7 5. Nc3 O-O 6. Qc2 d6 7. e4 Nc6 8. Nge2
e5 9. d5 Nb4 10. Qb1 g6 11. a3 Na6 12. b4 c6 13. exf5 Bxf5 14. Qb3 c5 15. O-O
Rf7 16. h3 cxb4 17. axb4 Qc8 18. Bg5 Bxh3 19. Bxf6 Rxf6 20. Ne4 Rf7 21. c5 Bxg2
22. Kxg2 dxc5 23. d6 c4 24. Qc3 Bxd6 25. b5 Bb4 26. Qxe5 Nc5 27. Nf6+ Kf8 28.
Nd5 Kg8 29. Nxb4 Qf8 30. Nf4 Re8 31. Qd5 Nb3 32. Ra4 Ree7 1-0

[Event "Feffernitz Raika op 09th"]
[Site "Feffernitz"]
[Date "2000.08.24"]
[Round "5"]
[White "De Bortoli, Peter"]
[Black "Moser, Eva"]
[Result "1/2-1/2"]
[WhiteElo "2195"]
[BlackElo "2332"]
[PlyCount "64"]
[EventDate "2000.08.??"]
[EventType "swiss"]
[EventRounds "9"]
[EventCountry "AUT"]
[SourceTitle "EXT 2001"]
[Source "ChessBase"]
[SourceDate "2000.11.22"]
[SourceVersion "1"]
[SourceVersionDate "2000.11.22"]
[SourceQuality "1"]

1. e4 b6 2. d4 Bb7 3. Nc3 e6 4. Nf3 Bb4 5. Bd3 Nf6 6. e5 Nd5 7. O-O Nxc3 8.
bxc3 Be7 9. Qe2 d6 10. Bb2 Nd7 11. Rad1 O-O 12. c4 Qe8 13. Rfe1 Rc8 14. Ba1
Bxf3 15. Qxf3 dxe5 16. d5 Bd6 17. dxe6 fxe6 18. Qh3 g6 19. f3 Qe7 20. Re4 Nc5
21. Rh4 Rf4 22. Rxf4 exf4 23. Bxg6 Rd8 24. Qh5 e5 25. Bxh7+ Qxh7 26. Qg5+ Kf7
27. Qxd8 Qxc2 28. Rf1 Nd3 29. h4 Qe2 30. Qd7+ Kf6 31. Qd8+ Kf7 32. Rb1 Qc2
1/2-1/2